000 00706nam a2200241Ia 4500
003 OSt
005 20221006140823.0
006 a|||||r|||| 00| 0
007 ta
008 221006b |||||||| |||| 00| 0 eng d
020 _c£40.00
024 _a718
037 _b45302, 27/12/2000, S S S
_cTextual
040 _aEASL
_cEASL
_beng
041 _2eng
_aeng
082 _aV41:1942.N9, P0
100 _aWATARU Masuda
_9643527
245 0 _aJapan and China
_b Mutual representations in the modern era
260 _aSurrey
_bCurzon Press
_c2000
300 _a298p.
_ccm.
942 _hV41:1942.N9, P0
_cTEXL
_2CC
999 _c1068804
_d1068804